Normal view
MARC view
- Willemetz A.
Entry Personal Name
001 - CONTROL NUMBER
- control field: 12351
003 - CONTROL NUMBER IDENTIFIER
- control field: IT-RoPau
005 - DATE AND TIME OF LATEST TRANSACTION
- control field: 20140205224217.0
008 - FIXED-LENGTH DATA ELEMENTS
- fixed length control field: 140205|| aca||aabn | a|a d
040 ## - CATALOGING SOURCE
- Original cataloging agency: IT-RoPau
- Transcribing agency: IT-RoPau
100 ## - HEADING--PERSONAL NAME
- Personal name: Willemetz A.
- Miscellaneous information: Codice autore SPICS: 15811
- Relator term: Autore
- Name of part/section of a work: Mon homme
670 ## - SOURCE DATA FOUND
- Source citation: Work cat.: (IT-RoPau)100059: AA.VV. 794, Prestige de Paris